000 00618nam a22002057a 4500
999 _c2759
_d2759
003 AR-CdUCM
008 190305b ||||| |||| 00| 0 spa d
040 _aMUNICIPALIDAD PROVINCIAL DEL CUSCO
_cBIBLIOTECA MUNICIPAL DEL CUSCO
082 _a869.24 /
_bC25
100 _aCane, Miguel
_99623
245 _aJuvenilia
260 _aArgentina :
_bAbril,
_c1983.
300 _a118 páginas ;
_c19 cm.
440 _aColección: Clásicos de la literatura argentina
_99624
650 _aNovelas Argentinas
_99625
650 _aNovelas de Costumbres
_9168
650 _aSiglo XIX
_9971
942 _2ddc
_cLIBROS
945 _admma